Central Library OPAC University of Rajshahi

Malaysia / (Record no. 27511)

MARC details
000 -LEADER
fixed length control field 00593nam a2200217 a 4500
001 - CONTROL NUMBER
control field 27511
003 - CONTROL NUMBER IDENTIFIER
rucl marc code BD-RjUL
005 - DATE AND TIME OF LATEST TRANSACTION
control field 20211209051150.0
008 - FIXED-LENGTH DATA ELEMENTS--GENERAL INFORMATION
fixed length control field 140325s1965 enka b 001 0 eng d
035 ## - SYSTEM CONTROL NUMBER
System control number (BD-RjUL)27585
040 ## - CATALOGING SOURCE
Original cataloging agency BD-RjUL
Language of cataloging eng
Transcribing agency BD-RjUL
Modifying agency BD-RjUL
041 ## - LANGUAGE CODE
Language code of text/sound track or separate title eng
082 ## - DEWEY DECIMAL CLASSIFICATION NUMBER
Classification number 959.5053
Edition number 19
Author mark and year PUM 1965
100 ## - MAIN ENTRY--PERSONAL NAME
Personal name Purcell, Victor
9 (RLIN) 77256
245 00 - TITLE STATEMENT
Title Malaysia /
260 ## - PUBLICATION, DISTRIBUTION, ETC. (IMPRINT)
Place of publication, distribution, etc. London :
Name of publisher, distributor, etc. Thames and Hudson,
Date of publication, distribution, etc. 1965.
300 ## - PHYSICAL DESCRIPTION
Pagination [4] 224 p. :
Illustrations ill. ;
Size 25 cm
504 ## - BIBLIOGRAPHY, ETC. NOTE
Bibliography, etc Includes bibliographies and indexes.
650 ## - SUBJECT ADDED ENTRY--TOPICAL TERM
Topical term or geographic name as entry element Malaysia History
9 (RLIN) 84505
942 ## - ADDED ENTRY ELEMENTS (KOHA)
Source of classification or shelving scheme Dewey Decimal Classification
Koha item type Books
Holdings
Lost status Source of classification or shelving scheme Damaged status Not for loan Collection code Permanent Location Current Location Shelving location Date acquired Source of acquisition Cost, normal purchase price Total Checkouts Full call number Date last seen Copy number Koha item type
  Dewey Decimal Classification   Added to bundle Non-fiction Central Library, University of Rajshahi Central Library, University of Rajshahi Reading Room 10/11/1967 Sweets & Zeitlinger 30.00   959.5053 PUM 1965 25/03/2014 C-1 Books
  Dewey Decimal Classification     Non-fiction Central Library, University of Rajshahi Central Library, University of Rajshahi   18/11/1968 Zeitlinger 44.00   959.5053 PUM 1965 25/03/2014 C-4 Books